LEADER 01411nam a2200313 a 4500 001 000000124756 003 CaOOAMICUS 005 20110324163856.0 008 110321s2010 it ao u000 u ita r 020 $a978-88-6430-026-9 040 $aPUL$bita 082 04$a282.092 100 1 $aValenziano, Crispino.$0(OLS)http://pul/name/41985 245 10$aAngelo G. Roncalli :$blettere dall'Oriente e altre inedite a Giovanni Dieci /$cCrispino Valenziano. 260 $aPanzano in Chianti (FI) :$bEdizioni Feeria,$c©2010. 300 $a243 p. :$bill., fotogr. ;$c21 cm 490 1 $aTeorie ;$v07 504 $aBibliografia in nota. 600 04$aIohannes PP.$bXXIII,$cs.,$d1881-1963$xCorrispondenza.$0(OLS)http://pul/subject/31727 600 14$aDieci, Giovanni,$csac.$xLettere.$0(OLS)http://pul/subject/37500 830 0$aTeorie ;$v07.$0(OLS)http://pul/title/150464 850 $aPUL 852 $aPUL$W1$xSL Religione 3$y85$m282. 092 VALCR 1$j143650$qDDC 21$B142672$CPULBib$Z2$F142672 $H115804 $82 941 1 $a9 996 $6020$a978-88-6430-026-9$9(OLS)http://pul/number/146737 996 $6082$a282.092$9(OLS)http://pul/classification/402 996 $6245$aAngelo G. Roncalli :$blettere dall'Oriente e altre inedite a Giovanni Dieci$9(OLS)http://pul/title/157271 996 $6260$aPanzano in Chianti (FI) :$bEdizioni Feeria$9(OLS)http://pul/publisher/81098 LEADER 01408cam a22003254a 4500 001 000000118631 003 CaOOAMICUS 005 20091207120820.0 008 091207s2007 it b 000 0 ita r 020 $a978-88-420-7622-3 040 $aPUL$bita$dReb 041 1 $aita$hfre 100 1 $aLe Goff, Jacques,$d1924-2014.$0(OLS)http://pul/name/469 240 10$aA la recherche du Moyen Age$lItaliano.$0(OLS)http://pul/title/149287 245 10$aAlla ricerca del Medioevo /$cJacques Le Goff ; con la collaborazione di Jean-Maurice de Montremy. 250 $a2 ed. 260 $aRoma ;$aBari :$bLaterza,$c©2007. 300 $aix, 174 p. ;$c21 cm. 490 1 $aEconomica Laterza ;$v354 504 $aBibliografia p. [169]-170. 650 14$aMedioevo$xStoria.$0(OLS)http://pul/subject/1431 650 4$aMedioevo$xCiviltà.$0(OLS)http://pul/subject/756 700 1 $aMontrémy, Jean-Maurice de,$d1952-$0(OLS)http://pul/name/74111 830 0$aEconomica Laterza ;$v354.$0(OLS)http://pul/title/39309 850 $aPUL 852 $aPUL$W1$xSL Cons. Gen., Altre Classi 3$y75$m940 LEGJA 1$j136110$qDDC 21$B135098$CPULBib$Z2$F135098 $H111855 $82 941 1 $a9 996 $6020$a978-88-420-7622-3$9(OLS)http://pul/number/142707 996 $6245$aAlla ricerca del Medioevo$9(OLS)http://pul/title/149286 996 $6260$aRoma ;$aBari :$bLaterza$9(OLS)http://pul/publisher/57682